000
00257 a2200097 4500
001
3181
100
_a
Murali Krishna
245
_a
Remote sensing applications and geographic information systems
260
_a
ND
_b
Tata McGraw-Hill
_c
1992
090
_c
2461
_d
2461
942
_a
NUST-CAE
_c
_c
16236
999
_c
238254
_d
238254